| 000 | 05792cam a22005654i 4500 | ||
|---|---|---|---|
| 003 | PE-LiUPU | ||
| 005 | 20250731173112.0 | ||
| 008 | 190201 2018 miua r 001 0 eng d | ||
| 020 |
_a031053822X _q(volumen 1) |
||
| 020 |
_a9780310538226 _q(volumen 1) |
||
| 020 |
_a0310538262 _q(volumen 2) |
||
| 020 |
_a9780310538264 _q(volumen 2) |
||
| 035 | _a(Sirsi) a251251 | ||
| 040 |
_aPE-LiUPU _bspa _cPE-LiUPU _erda |
||
| 049 | _aPRUA | ||
| 082 | 0 | 4 |
_a251 _bL39 _223 |
| 245 | 0 | 2 |
_aA legacy of preaching / _cBenjamin K. Forrest,[y otros tres]. |
| 264 | 1 |
_aGrand Rapids : _bZondervan, _c[2018]. |
|
| 300 |
_a2 volúmenes : _ilustraciones ; _c24 centímetros |
||
| 336 |
_atext _2rdacontent |
||
| 337 |
_aunmediated _2rdamedia |
||
| 338 |
_avolume _2rdacarrier |
||
| 504 | _aÍndice: páginas 517-527. | ||
| 504 | _aÍndice: páginas 553-562. | ||
| 505 | 0 | _aVolumen I -- Apostles to the revivalists: Preaching in the early church and among the patristic fathers -- Paul: Proclaiming Christ crucified -- Peter: Proclaiming the gospel in the power of the spirit -- Melito of Sardis: Proclaiming Christ the lamb -- Origen of Alexandria: preaching as spiritual edification -- Ephrem the Syrian: Preaching Christ through poetry and paradox -- Basil of Caesarea: The preacher as the mouthpiece of Christ -- John Chrysostom: Golden-mouthed preacher -- Augustine of Hippo: Agape-driven, Christocentric preaching -- Preaching in the medieval ages -- Gregory the Great: The art of arts as the health of souls -- Bernard of Clairvaus: Preaching to foster a love and devotion to God -- Francis of Assisi: Using words and life to preach the gospel -- Saint Bonaventure: Franciscan friar -- Meister Eckhart: Preaching the inexpressible God -- Johannes Tauler: Preaching repentance and the soul's return to God -- John Huss: Forerunner to the Reformation -- Girolamo Savonarola: Apocalyptic preacher and martyr to opulence -- Preaching among the reformers: Martin Luther: Preaching a theology of the cross -- Ulrich Zwingli: Pastor, patriot, prophet, and Protestant -- Balthasar Hubmaier: Catholic, Evangelical, and Anabaptist preacher -- William Tyndale: Translation for the task of proclamation -- John Calvin: Preaching the glorious Christ -- Preaching among the Puritans -- William Perkins: Prince of Puritan preaching -- Richard Baxter: Preaching as a dying man to dying people -- John Owen: Preaching for the glory of God -- John Bunyan: Preaching the word from the heart to the heart -- Matthew Henry: Exegesis and exposition for the church and the pulpit -- Preaching among the revivalists -- Francois Fenelon: The art of eloquence -- Jonathan Edwards: Preaching the beauty of holiness -- John Wesley: Homiletic theologian -- George Whitefield: Calvinist evangelist. | |
| 505 | 0 | _aVolumen 2 -- Enlightenment to the present day -- Nineteenth-century European preaching -- Charles Simeon: preaching that humbles the sinner, exalts the Savior -- Robert Murray M'Cheyne: preaching the love of God in Jesus Christ -- Alexander Maclaren: the art of hermeneutics for the practice of Homilectics -- Catherine Booth: preacher of holiness -- Charles Haddon Spurgeon: The prince of preachers -- Rodney "Gipsy" Smith: forgotten evangelist -- Nineteenth-century North American pearching -- George Liele: former slave and first American Baptist missionary -- Charles Finney: persuading sinners to submit immediately to Crist -- John Gasper: preaching for social and eschatological freedom -- Henry Ward Beecher: preaching action over theology -- John Albert Broadus: carefully expositing the authoritative scriptures -- Phillips Brooks: preaching the personality of the preacher -- D.L.Moody: first international evangelist -- B.H.Carroll: preaching sermons saturated with scripture -- Billy Sunday: prohibitionist preacher and baseball evangelist -- Twentieth-century European preaching -- Karl Barth: preaching Christ -- Dietrich Bonhoeffer: costly preaching -- D.Martyn Lloyd-Jones: preaching of the word and preacher for the word -- Jhon Stott: preaching that listens to the word and the world -- Twentieth-century north American preaching -- Harry Emeerson Fosdick: prophet of modernity -- R.G.Lee: rhetorical in the pulpit -- Aimee Semple McPherson: preaching to capture the imagination -- W.A.Crisell: expositing the whole counsel of god-from Genesis to revelation -- Gardner C.Taylor: preacher laureate -- Billy Graham: evangelist to the world -- Martin Luther King Jr: preaching a prophetic dream of social justice as kingdom -- Adrian Rogers: Faithfulness to the word of God -- E.V.Hill: preaching God´s word for spiritual and social transformation -- Jerry Falwell: preaching dynamic faith -- J.I.Packer: teaching preachers to preach as teachers. | |
| 526 | _aSEG42 | ||
| 526 | _aSEG41 | ||
| 526 | _aSEG40 | ||
| 526 | _aSEG39 | ||
| 526 | _aP94 | ||
| 526 | _aP87 | ||
| 526 | _aP86 | ||
| 526 | _aP85 | ||
| 526 | _aP77 | ||
| 526 | _aP76 | ||
| 526 | _aP35 | ||
| 650 | 1 | 4 |
_aPredicación _xHistoria. |
| 650 | 1 | 4 |
_aSermones _xHistoria y critica. |
| 700 | 1 |
_aCurtis, William J., _eeditor. |
|
| 700 | 1 |
_aKing, Kevin L., _eeditor. |
|
| 700 | 1 |
_aMilioni, Dwayne, _eeditor. |
|
| 700 | 1 |
_aForrest, Benjamin K., _eeditor. |
|
| 910 |
_adbm _brri _crri _d20190201 |
||
| 596 | _a1 | ||
| 942 |
_2ddc _cBOOK |
||
| 999 |
_a251 L39 Z1 _wDEWEY _c30675 _i79845 _f2021-11-10 _g4 _lCCODEBUL1 _mBUL _p29.99 _r0 _sY _tBOOK _u2019-1-2 _xTEOLOGIA _PP86 _0DONACION _1FCOMPR2 _o.STAFF. Colección Teología _d30675 |
||
| 999 |
_a251 L39 Z2 _wDEWEY _c1 _i79846 _f2021-11-10 _g4 _lCCODEBUL1 _mBUL _p29.99 _r0 _sY _tBOOK _u2019-1-3 _xTEOLOGIA _PP85 _0DONACION _1FCOMPR2 _o.STAFF. Colección Teología |
||
| 980 |
_81 _gALBERTO SANCHEZ Responsable de Automatización |
||